| 000 | 00497nam a2200157 4500 | ||
|---|---|---|---|
| 001 | 120773 | ||
| 003 | ES-MaACL | ||
| 005 | 20230906191623.0 | ||
| 007 | t| | ||
| 008 | 070214q1953 sp r ||||1| spa d | ||
| 100 | 1 |
_aPrados y López, Manuel. _993645 |
|
| 245 | 1 | 0 |
_aBalmes, el buen amigo de la verdad _b: (ensayos breves) / _cManuel Prados y López. |
| 260 |
_aMadrid : _b[s. n.], _c[1953?] ( _fImp. Hijos de E. Minuesa) |
||
| 300 |
_a116 p. ; _c22 cm. |
||
| 852 |
_aES-MaACL _j1958-F-13 _bR.35665 |
||
| 999 |
_c120773 _d120773 |
||